[Event "4NCL/Div3/SSC vs. SBS"]
[Site "Daventry ENG"]
[Date "2009.10.24"]
[Round "1.3"]
[White "Jones, Chris"]
[Black "Russell, Christopher"]
[Result "1/2-1/2"]
[WhiteElo "2070"]
[BlackElo "2065"]
[PlyCount "111"]
[EventDate "2009.10.24"]
[SourceDate "2009.10.24"]

1. e4 e6 2. d4 d5 3. Nc3 Bb4 4. exd5 exd5 5. Bd3 Nc6 6. Nge2 Nge7 7. O-O Bf5 8.
Bxf5 Nxf5 9. Qd3 Qd7 10. Bf4 Bxc3 11. bxc3 Nd6 12. Bxd6 Qxd6 13. Qe3+ Ne7 14.
Rfe1 O-O 15. Ng3 Ng6 16. Nf5 Qd7 17. Qf3 Rfe8 18. h4 Nf8 19. h5 Re6 20. Rxe6
fxe6 21. Ne3 Qf7 22. Qg3 Qxh5 23. Qxc7 Qf7 24. Qxf7+ Kxf7 25. c4 Rc8 26. cxd5
exd5 27. Rd1 Ke6 28. Re1 Nd7 29. g4 g6 30. Kg2 Nb6 31. Kg3 Kd6 32. Rh1 Rc7 33.
Ng2 Nc4 34. f3 Nd2 35. Ne1 Rf7 36. Rg1 Re7 37. Nd3 Nc4 38. Kf2 Rc7 39. Rc1 Na3
40. Ne1 Nb5 41. Ke3 Rc4 42. Rd1 Ra4 43. Rb1 a6 44. Rb2 h5 45. gxh5 gxh5 46. c3
Nxc3 47. Rxb7 Rxa2 48. Nd3 Nd1+ 49. Kf4 a5 50. Rb6+ Kc7 51. Rb5 Rd2 52. Rxa5
Rxd3 53. Rxd5 h4 54. Rh5 Rxd4+ 55. Ke5 Rb4 56. Rh7+ 1/2-1/2

[Event "4NCL/Div3/SSC vs. SBS"]
[Site "Daventry ENG"]
[Date "2009.10.24"]
[Round "1.4"]
[White "Makepeace, Philip J"]
[Black "Fryer, David W"]
[Result "1-0"]
[WhiteElo "2042"]
[BlackElo "2058"]
[PlyCount "55"]
[EventDate "2009.10.24"]
[SourceDate "2009.10.24"]

1. e4 e5 2. Nf3 Nc6 3. d4 exd4 4. Nxd4 Nf6 5. Nxc6 bxc6 6. Bd3 d6 7. O-O Be7 8.
b3 a5 9. a4 Ba6 10. Bb2 Bxd3 11. Qxd3 O-O 12. Nd2 d5 13. e5 Ne8 14. f4 f6 15.
Rf3 f5 16. Rh3 Qc8 17. Nf3 Qa6 18. Qd1 h6 19. Kh1 Rd8 20. Nh4 Bxh4 21. Rxh4 c5
22. Ba3 Qb6 23. Qh5 Rf7 24. Re1 c4 25. e6 Rf6 26. e7 Re6 27. Rg1 Rd7 28. Qxe8+
1-0

[Event "4NCL/Div3/SSC vs. SBS"]
[Site "Daventry ENG"]
[Date "2009.10.24"]
[Round "1.5"]
[White "Yates, Christopher"]
[Black "Healey, Michael W"]
[Result "0-1"]
[WhiteElo "1850"]
[BlackElo "2016"]
[PlyCount "66"]
[EventDate "2009.10.24"]
[SourceDate "2009.10.24"]

1. d4 Nf6 2. c4 Nc6 3. Nf3 e6 4. a3 a5 5. Nc3 Be7 6. Bg5 h6 7. Bh4 d6 8. e3 O-O
9. Bd3 e5 10. O-O Bg4 11. d5 Nb8 12. h3 Bh5 13. Be2 Na6 14. Qc2 Nxd5 15. Bxe7
Nxe7 16. Rfd1 Qe8 17. Nd5 Bg6 18. Qc3 a4 19. c5 Nxd5 20. Rxd5 Be4 21. Rdd1 Nxc5
22. Nd2 Bc6 23. Rac1 f5 24. Bc4+ Kh8 25. Bf1 Qh5 26. Qc2 Rf6 27. Re1 Raf8 28.
Nb1 f4 29. exf4 Rxf4 30. f3 Nb3 31. Rcd1 Nd4 32. Qd3 Rxf3 33. gxf3 Qg5+ 0-1

[Event "4NCL/Div3/SSC vs. SBS"]
[Site "Daventry ENG"]
[Date "2009.10.24"]
[Round "1.6"]
[White "Harley-Yeo, Gareth"]
[Black "Woods, Timothy J"]
[Result "1-0"]
[WhiteElo "2059"]
[BlackElo "1810"]
[PlyCount "43"]
[EventDate "2009.10.24"]
[SourceDate "2009.10.24"]

1. d4 d6 2. c4 Nf6 3. Nc3 g6 4. e4 Bg7 5. Nge2 O-O 6. Ng3 c5 7. d5 e6 8. Be2
exd5 9. exd5 Re8 10. O-O a6 11. Bf4 b6 12. Qd2 Ra7 13. h3 Rae7 14. Bd3 Qc7 15.
a4 Nbd7 16. b3 Ne5 17. Bc2 h5 18. Bg5 Bxh3 19. f4 Bxg2 20. fxe5 Ng4 21. Kxg2
Rxe5 22. Rae1 1-0

[Event "4NCL/Div3/BRI3 vs. ICENI"]
[Site "Daventry ENG"]
[Date "2009.10.24"]
[Round "1.1"]
[White "Dunlop, Neil J"]
[Black "Crombleholme, Alan K"]
[Result "1-0"]
[WhiteElo "1802"]
[BlackElo "2106"]
[PlyCount "81"]
[EventDate "2009.10.24"]
[SourceDate "2009.10.24"]

1. e4 c5 2. Nc3 Nc6 3. g3 g6 4. Bg2 Bg7 5. d3 d6 6. Nge2 e6 7. Be3 Nd4 8. Qd2
Ne7 9. O-O O-O 10. Nd1 e5 11. Nxd4 cxd4 12. Bh6 Bxh6 13. Qxh6 f5 14. f4 Bd7 15.
fxe5 dxe5 16. c4 dxc3 17. bxc3 Rc8 18. Qe3 Qa5 19. c4 Qc5 20. Qxc5 Rxc5 21. Ne3
b5 22. Rfc1 f4 23. gxf4 exf4 24. Nd5 Nxd5 25. cxd5 Rfc8 26. Re1 Bg4 27. Rf1 g5
28. h3 Be2 29. d4 Rc3 30. Rfe1 Rc2 31. e5 Kf7 32. Be4 Rd2 33. Bxh7 Bf3 34. Bf5
Rc3 35. e6+ Ke7 36. d6+ Kxd6 37. e7 Bc6 38. Re6+ Kd5 39. Rxc6 Rg3+ 40. Kh1 Re2
41. Re6 1-0

[Event "4NCL/Div3/BRI3 vs. ICENI"]
[Site "Daventry ENG"]
[Date "2009.10.24"]
[Round "1.2"]
[White "Reynolds, D Ian W"]
[Black "Woolgar, Steven G"]
[Result "1-0"]
[WhiteElo "2096"]
[BlackElo "1698"]
[PlyCount "53"]
[EventDate "2009.10.24"]
[SourceDate "2009.10.24"]

1. e4 c5 2. c3 Nc6 3. d4 cxd4 4. cxd4 e6 5. Nc3 Nf6 6. Nf3 Be7 7. Be2 O-O 8.
O-O b6 9. d5 exd5 10. exd5 Qc7 11. dxc6 dxc6 12. Bg5 Bf5 13. Rc1 Qb7 14. Qb3 h6
15. Bf4 a5 16. Nd4 Bd7 17. Bf3 Rac8 18. Na4 Bd8 19. Nc5 Qa7 20. Nxd7 Qxd7 21.
Nxc6 Re8 22. Ne5 Qf5 23. Rxc8 Qxc8 24. Nxf7 Kh7 25. Nd6 Qb8 26. Nxe8 Qxf4 27.
Qe3 1-0

[Event "4NCL/Div3/BRI3 vs. ICENI"]
[Site "Daventry ENG"]
[Date "2009.10.24"]
[Round "1.3"]
[White "Stanton, Colin"]
[Black "Lunn, Timothy"]
[Result "0-1"]
[WhiteElo "1746"]
[BlackElo "2055"]
[PlyCount "71"]
[EventDate "2009.10.24"]
[SourceDate "2009.10.24"]

1. c4 e5 2. Nc3 Nc6 3. g3 g6 4. Bg2 Bg7 5. Nf3 d6 6. d3 f5 7. O-O Nf6 8. Nd5
O-O 9. Bg5 Be6 10. e4 fxe4 11. dxe4 Qd7 12. Re1 Rf7 13. Qd2 Raf8 14. Qd3 Bg4
15. Nd2 Nd4 16. f3 Nxd5 17. cxd5 Bxf3 18. Bf1 Bg4 19. Be3 Bh3 20. Bg2 Bxg2 21.
Kxg2 Nf3 22. Rf1 Nxd2 23. Bxd2 Qa4 24. Rxf7 Rxf7 25. b4 a6 26. a3 h5 27. Rf1
Rxf1 28. Kxf1 Qb5 29. Ke2 Kh7 30. Bg5 Bh6 31. Bd8 Qd7 32. Bf6 Qh3 33. Qf3 Qxh2+
34. Qf2 Qxf2+ 35. Kxf2 Kg8 36. Bd8 {flag} 0-1

[Event "4NCL/Div3/BRI3 vs. ICENI"]
[Site "Daventry ENG"]
[Date "2009.10.24"]
[Round "1.4"]
[White "Ruthen, Stephen W"]
[Black "Woodruff, David G"]
[Result "1-0"]
[WhiteElo "2093"]
[BlackElo "1666"]
[PlyCount "117"]
[EventDate "2009.10.24"]
[SourceDate "2009.10.24"]

1. c4 Nf6 2. g3 g6 3. Bg2 Bg7 4. Nc3 O-O 5. e4 d6 6. Nge2 Nc6 7. d3 Bg4 8. f3
Bd7 9. O-O Nh5 10. Be3 Qc8 11. Qd2 Bh3 12. Rab1 e5 13. Nd5 Nf6 14. Bxh3 Qxh3
15. Nxc7 Rac8 16. Nb5 Rfd8 17. Nxa7 Nxa7 18. Bxa7 Bh6 19. Be3 Bxe3+ 20. Qxe3
Ra8 21. Nc3 Nd7 22. Ra1 Kg7 23. a4 Nc5 24. Ra3 f5 25. b4 Ne6 26. Ne2 Rd7 27. a5
Nd8 28. exf5 Qxf5 29. Qe4 Nc6 30. Qxf5 gxf5 31. Ra4 b6 32. a6 Rda7 33. b5 Nd8
34. Nc3 Ne6 35. Nd5 Rb8 36. f4 exf4 37. Nxf4 Nc5 38. Ra3 Kf6 39. Nd5+ Kg6 40.
g4 fxg4 41. Rf6+ Kg5 42. Rxd6 Rf7 43. a7 Ra8 44. Nxb6 Raxa7 45. Rxa7 Rxa7 46.
Rd5+ Kf4 47. Rxc5 Ra1+ 48. Kf2 Ra2+ 49. Ke1 Rxh2 50. Nd5+ Kf3 51. Rc7 g3 52.
Rf7+ Kg4 53. Ne3+ Kg5 54. b6 h5 55. b7 Rb2 56. Rf5+ Kg6 57. Rb5 g2 58. Nxg2
Rxg2 59. b8=Q 1-0

[Event "4NCL/Div3/BRI3 vs. ICENI"]
[Site "Daventry ENG"]
[Date "2009.10.24"]
[Round "1.5"]
[White "Stanton, Kells"]
[Black "Feavyour, John A"]
[Result "0-1"]
[WhiteElo "1682"]
[BlackElo "2076"]
[PlyCount "134"]
[EventDate "2009.10.24"]
[SourceDate "2009.10.24"]

1. c4 c6 2. Nc3 d5 3. cxd5 cxd5 4. d4 Nf6 5. g3 Nc6 6. Bg2 e6 7. Nf3 Bb4 8. O-O
O-O 9. a3 Bd6 10. Bd2 Bd7 11. Rc1 Rc8 12. Qb3 Na5 13. Qd1 Nc4 14. Bg5 Qb6 15.
Bxf6 gxf6 16. Rb1 Qa5 17. Qc1 Kg7 18. Ng5 Be7 19. Nh3 Nxb2 20. Rxb2 Rxc3 21.
Qd2 Qc7 22. Nf4 Rxa3 23. Nh5+ Kh8 24. Qh6 Rg8 25. e4 Rg6 26. Qd2 Bc6 27. Rc1
Qd6 28. exd5 exd5 29. Nf4 Rg5 30. h4 Rg8 31. Re1 Bf8 32. Nh5 Rg6 33. Qc2 Qd7
34. Kh2 Bd6 35. Bh3 Qc7 36. Rb3 Rxb3 37. Qxb3 Rh6 38. Qf3 Qd8 39. Re2 a5 40.
Kg2 a4 41. g4 Rg6 42. Qe3 Bd7 43. f4 Rg8 44. Qf3 Bb5 45. Rf2 a3 46. g5 Be7 47.
Kh2 Bc4 48. Rg2 a2 49. Rg1 b5 50. Qf2 b4 51. Qb2 b3 52. Bf1 Bxf1 53. Rxf1 Qb6
54. Re1 Qa5 55. Rf1 Qa3 56. Qe2 a1=Q 57. Rxa1 Qxa1 58. Qxe7 Qxd4 59. Qxf7 Qd2+
60. Kg3 Qd3+ 61. Kg4 f5+ 62. Qxf5 Qxf5+ 63. Kxf5 b2 64. Nf6 b1=Q+ 65. Kg4 Rf8
66. Kh3 Rxf6 67. gxf6 Qf5+ 0-1

[Event "4NCL/Div3/BRI3 vs. ICENI"]
[Site "Daventry ENG"]
[Date "2009.10.24"]
[Round "1.6"]
[White "Szymanski, Mark"]
[Black "Taylor, John-Paul"]
[Result "1-0"]
[WhiteElo "1890"]
[BlackElo "1306"]
[PlyCount "37"]
[EventDate "2009.10.24"]
[SourceDate "2009.10.24"]

1. d4 d5 2. Nf3 e6 3. e3 c5 4. b3 Nc6 5. Bd3 b5 6. Bxb5 Qa5+ 7. Nc3 Bd7 8. Bxc6
Bxc6 9. Bd2 cxd4 10. Nxd4 Rc8 11. Na4 Qa6 12. Nxc6 Qxc6 13. Qe2 Qxc2 14. O-O
Ba3 15. Qg4 Qg6 16. Qd4 Rc7 17. Ba5 Re7 18. Qc3 Rd7 19. b4 1-0

[Event "4NCL/Div3/KJCAN vs. AMCAR"]
[Site "Daventry ENG"]
[Date "2009.10.24"]
[Round "1.1"]
[White "Balendran, Baven"]
[Black "Tart, Peter K"]
[Result "0-1"]
[WhiteElo "1858"]
[BlackElo "2078"]
[PlyCount "82"]
[EventDate "2009.10.24"]
[SourceDate "2009.10.24"]

1. e4 e5 2. Nf3 d5 3. exd5 Bd6 4. Nc3 Nf6 5. d3 h6 6. Bd2 O-O 7. Qe2 Re8 8.
O-O-O Bd7 9. h3 b5 10. g4 b4 11. Ne4 Nxd5 12. Nxd6 cxd6 13. Bg2 Qa5 14. Kb1 Be6
15. a3 Nc6 16. Bxb4 Ncxb4 17. axb4 Nxb4 18. c4 Rab8 19. b3 Nd5 20. Qc2 Rec8 21.
Nd2 Nb4 22. Qc3 Qa2+ 23. Kc1 Qa3+ 24. Kb1 Qa2+ 25. Kc1 d5 26. Nf3 d4 27. Qb2
Qa5 28. Rhe1 Nxd3+ 29. Rxd3 Bxc4 30. Kd1 Bxd3 31. Rxe5 Qc7 32. Rd5 Rxb3 33.
Rd8+ Qxd8 34. Qxb3 Rc3 35. Qb2 Qe8 36. Nxd4 Qa4+ 37. Ke1 Qxd4 38. Bf1 Qe4+ 39.
Kd1 Rc2 40. Bxd3 Qxd3+ 41. Ke1 Qe2# 0-1

[Event "4NCL/Div3/KJCAN vs. AMCAR"]
[Site "Daventry ENG"]
[Date "2009.10.24"]
[Round "1.2"]
[White "Sparkes, Daniel A"]
[Black "Clanchy, Nicholas"]
[Result "1-0"]
[WhiteElo "2066"]
[BlackElo "1858"]
[PlyCount "69"]
[EventDate "2009.10.24"]
[SourceDate "2009.10.24"]

1. e4 c5 2. Nf3 d6 3. Bb5+ Bd7 4. Bxd7+ Qxd7 5. d4 cxd4 6. Nxd4 Nf6 7. Nc3 Nc6
8. O-O g6 9. f3 Bg7 10. Be3 O-O 11. Nxc6 Qxc6 12. Qd3 a6 13. Rf2 Rac8 14. Rd1
Rfd8 15. Rfd2 Rd7 16. Bd4 e6 17. Qe3 Ne8 18. Bxg7 Nxg7 19. e5 d5 20. Ne4 Nf5
21. Qf2 Kg7 22. g4 Nh6 23. Nf6 Rdc7 24. Qh4 Rh8 25. c4 Qb6+ 26. Kg2 Rxc4 27.
Nh5+ Kf8 28. Nf6 Kg7 29. Nh5+ Kf8 30. Qf6 Rg8 31. Rxd5 Rc2+ 32. R5d2 Qc7 33.
Kh3 Rxd2 34. Rxd2 Ke8 35. Ng7+ 1-0

[Event "4NCL/Div3/KJCAN vs. AMCAR"]
[Site "Daventry ENG"]
[Date "2009.10.24"]
[Round "1.3"]
[White "Murphy, Conor"]
[Black "Stille, Alexander M"]
[Result "1-0"]
[WhiteElo "1794"]
[BlackElo "2054"]
[PlyCount "57"]
[EventDate "2009.10.24"]
[SourceDate "2009.10.24"]

1. e4 e5 2. Nf3 Nc6 3. Bc4 Nf6 4. d3 Be7 5. c3 O-O 6. O-O d6 7. Nbd2 Be6 8. Re1
Bxc4 9. Nxc4 d5 10. exd5 Qxd5 11. Ncxe5 Nxe5 12. Rxe5 Qd7 13. Bg5 h6 14. Bh4 g5
15. Bg3 Nh5 16. d4 f5 17. Qb3+ Kh7 18. Rd5 Qc8 19. Re1 Bd8 20. Be5 Nf6 21. Bxf6
Bxf6 22. Ne5 Re8 23. Re3 Re7 24. Nc4 Rxe3 25. Nxe3 f4 26. Qc2+ Kh8 27. Qg6 Qe6
28. Qxh6+ Kg8 29. Rxg5+ 1-0

[Event "4NCL/Div3/KJCAN vs. AMCAR"]
[Site "Daventry ENG"]
[Date "2009.10.24"]
[Round "1.4"]
[White "McLaughlin, Noel S"]
[Black "Kalid, Raphael"]
[Result "1-0"]
[WhiteElo "2022"]
[BlackElo "1786"]
[PlyCount "37"]
[EventDate "2009.10.24"]
[SourceDate "2009.10.24"]

1. Nf3 f5 2. e4 fxe4 3. Ng5 Nf6 4. d3 e3 5. Bxe3 e6 6. d4 Be7 7. Bd3 Nc6 8.
Nxh7 Kf7 9. Ng5+ Kf8 10. Bg6 Rg8 11. g4 Bd6 12. Nf7 Qe7 13. g5 Nd5 14. Qf3 Bf4
15. c3 Bxe3 16. fxe3 Ke8 17. Nh6+ Kd8 18. Nxg8 Qd6 19. Qf7 1-0

[Event "4NCL/Div3/KJCAN vs. AMCAR"]
[Site "Daventry ENG"]
[Date "2009.10.24"]
[Round "1.5"]
[White "Davis, Alexei"]
[Black "Owens, Trefor H"]
[Result "0-1"]
[WhiteElo "1730"]
[BlackElo "1946"]
[PlyCount "66"]
[EventDate "2009.10.24"]
[SourceDate "2009.10.24"]

1. d4 Nf6 2. Nc3 g6 3. e4 d6 4. Be3 a6 5. h3 b5 6. a3 Bb7 7. Bd3 Nbd7 8. b4 Bg7
9. Qd2 h6 10. Nf3 Rc8 11. O-O c5 12. d5 cxb4 13. axb4 Ng4 14. Ra3 Nxe3 15. fxe3
O-O 16. Ne2 Nb6 17. Ra2 Nc4 18. Qc1 Qb6 19. Kf2 e6 20. dxe6 fxe6 21. Nf4 Rxf4
22. Ke2 Rff8 23. Re1 Ne5 24. Nxe5 Bxe5 25. Rg1 Bg3 26. Rf1 Rxf1 27. Qxf1 Rf8
28. Qc1 Rf2+ 29. Kd1 Bxe4 30. Be2 Rxg2 31. Kd2 Bf3 32. Ra3 Rxe2+ 33. Kd1 Re1+
0-1

[Event "4NCL/Div3/KJCAN vs. AMCAR"]
[Site "Daventry ENG"]
[Date "2009.10.24"]
[Round "1.6"]
[White "Marley, Andrew"]
[Black "Paul, Barnaby J"]
[Result "1-0"]
[WhiteElo "1930"]
[BlackElo "1610"]
[PlyCount "93"]
[EventDate "2009.10.24"]
[SourceDate "2009.10.24"]

1. d4 d5 2. Nf3 Nf6 3. c4 e6 4. g3 Be7 5. Bg2 Nbd7 6. cxd5 exd5 7. Nc3 c6 8.
O-O O-O 9. Re1 Re8 10. Qc2 Nf8 11. Bg5 Ng6 12. Rad1 Be6 13. Bxf6 Bxf6 14. e4
dxe4 15. Nxe4 Bf5 16. Nxf6+ Qxf6 17. Qb3 Rxe1+ 18. Rxe1 Rb8 19. Qa3 a6 20. Qa5
h6 21. Qb6 Qd8 22. Qc5 Be6 23. a4 Qd5 24. Qa7 Qd6 25. h4 Ne7 26. Ne5 Nc8 27.
Qc5 Qxc5 28. dxc5 Ne7 29. Rd1 Nd5 30. Bf1 Re8 31. Nc4 Bg4 32. Rd3 Re1 33. Kg2
Bf5 34. Rb3 Bc2 35. Rxb7 Bxa4 36. Bd3 Re8 37. Nd6 Rf8 38. Bxa6 Bc2 39. Be2 Bg6
40. Bf3 Ra8 41. Bxd5 cxd5 42. c6 d4 43. c7 Kh7 44. Rb8 d3 45. Rxa8 d2 46. c8=Q
Bh5 47. Qg8+ 1-0

[Event "4NCL/Div3/NOTT2 vs. BAB"]
[Site "Daventry ENG"]
[Date "2009.10.24"]
[Round "1.1"]
[White "Thompson, Brian"]
[Black "Vaughan, David O"]
[Result "1/2-1/2"]
[WhiteElo "1953"]
[BlackElo "2040"]
[PlyCount "26"]
[EventDate "2009.10.24"]
[SourceDate "2009.10.24"]

1. d4 Nf6 2. Nf3 g6 3. Nc3 d5 4. Bf4 Bg7 5. e3 O-O 6. Be2 c6 7. Ne5 Qb6 8. Qd2
Nfd7 9. Na4 Qd8 10. h4 Nxe5 11. Bxe5 f6 12. Bf4 e5 13. dxe5 fxe5 1/2-1/2

[Event "4NCL/Div3/NOTT2 vs. BAB"]
[Site "Daventry ENG"]
[Date "2009.10.24"]
[Round "1.2"]
[White "Davies, Matthew"]
[Black "Morgan, Phil"]
[Result "1-0"]
[WhiteElo "1956"]
[BlackElo "1914"]
[PlyCount "97"]
[EventDate "2009.10.24"]
[SourceDate "2009.10.24"]

1. d4 d5 2. c4 e6 3. Nc3 c5 4. cxd5 cxd4 5. Qxd4 Nc6 6. Qd1 exd5 7. Qxd5 Bd7 8.
e4 Nf6 9. Qd1 Bc5 10. Be2 Qe7 11. Bg5 h6 12. Bxf6 Qxf6 13. Nf3 O-O-O 14. O-O
Kb8 15. a3 Bg4 16. Qc1 Bxf3 17. Bxf3 Bd4 18. Rb1 Ne5 19. Be2 Rc8 20. Qd2 Nc4
21. Bxc4 Rxc4 22. Nd5 Qe5 23. b3 Rcc8 24. Rfd1 Bc5 25. Qd3 g5 26. b4 Bd6 27. g3
Rhd8 28. Rbc1 h5 29. Rxc8+ Rxc8 30. Nb6 axb6 31. Qxd6+ Qxd6 32. Rxd6 Rc3 33.
Rxb6 Rxa3 34. Rf6 Ra4 35. Rxf7 Rxb4 36. e5 Re4 37. Rf5 g4 38. Rxh5 Kc7 39. f3
gxf3 40. Kf2 Kc6 41. Kxf3 Re1 42. Rh6+ Kc5 43. Kf4 b5 44. Kf5 b4 45. Rh8 b3 46.
Rb8 Re3 47. e6 Kd5 48. e7 Rxe7 49. Rxb3 1-0

[Event "4NCL/Div3/NOTT2 vs. BAB"]
[Site "Daventry ENG"]
[Date "2009.10.24"]
[Round "1.3"]
[White "Hill, Maurice J"]
[Black "Carpenter, David J"]
[Result "1-0"]
[WhiteElo "1802"]
[BlackElo "1983"]
[PlyCount "33"]
[EventDate "2009.10.24"]
[SourceDate "2009.10.24"]

1. c4 g6 2. g3 f5 3. Bg2 Bg7 4. d3 Nf6 5. Nf3 d6 6. Nc3 O-O 7. O-O e5 8. Rb1 a5
9. Qc2 Na6 10. a3 Nc5 11. b4 axb4 12. axb4 Ne6 13. e3 g5 14. Nd5 c6 15. Nxf6+
Rxf6 16. c5 g4 17. Nh4 {Black's mobile phone interrupted play.} 1-0

[Event "4NCL/Div3/NOTT2 vs. BAB"]
[Site "Daventry ENG"]
[Date "2009.10.24"]
[Round "1.4"]
[White "Zhu, Hui"]
[Black "Willoughby, Robert H"]
[Result "1/2-1/2"]
[WhiteElo "1802"]
[BlackElo "1754"]
[PlyCount "71"]
[EventDate "2009.10.24"]
[SourceDate "2009.10.24"]

1. c4 Nf6 2. Nf3 e6 3. g3 d5 4. Bg2 c6 5. O-O Bd6 6. d3 Qc7 7. Nc3 Nbd7 8. Bg5
h6 9. Bd2 O-O 10. cxd5 exd5 11. Rc1 a6 12. Nh4 Nb6 13. Qb3 Be6 14. Qc2 Qd7 15.
e4 Rac8 16. Rce1 dxe4 17. Nxe4 Be7 18. Nf3 Nbd5 19. Ne5 Qc7 20. Nc3 Rfd8 21.
Nc4 Nb4 22. Qd1 Nxd3 23. Rxe6 fxe6 24. Qe2 e5 25. Be4 Nc5 26. Bf5 Rb8 27. Be3
b5 28. Nd2 Re8 29. Bg6 Rf8 30. Nf3 Ncd7 31. Nh4 Nd5 32. Bf5 Bxh4 33. Be6+ Kh8
34. gxh4 N7f6 35. Kh1 Qe7 36. Bf5 1/2-1/2

[Event "4NCL/Div3/NOTT2 vs. BAB"]
[Site "Daventry ENG"]
[Date "2009.10.24"]
[Round "1.5"]
[White "Kenyon, Alan"]
[Black "Parry, Matthew"]
[Result "1-0"]
[WhiteElo "1706"]
[BlackElo "1794"]
[PlyCount "43"]
[EventDate "2009.10.24"]
[SourceDate "2009.10.24"]

1. e4 b6 2. Nc3 Bb7 3. f4 d6 4. Nf3 Nd7 5. Bc4 e5 6. d3 Nh6 7. O-O Nf6 8. fxe5
dxe5 9. Ne2 Bc5+ 10. Kh1 Nhg4 11. Qe1 Qe7 12. Ng3 g6 13. h3 h5 14. Bg5 O-O-O
15. Nh4 Nf2+ 16. Rxf2 Bxf2 17. Qxf2 Ng4 18. Bxe7 Nxf2+ 19. Kg1 Nxe4 20. Nxe4
Rd7 21. Bf6 Rf8 22. Nf3 1-0

[Event "4NCL/Div3/NOTT2 vs. BAB"]
[Site "Daventry ENG"]
[Date "2009.10.24"]
[Round "1.6"]
[White "Smith, Steve"]
[Black "Kenyon, Mark A"]
[Result "0-1"]
[WhiteElo "1542"]
[BlackElo "1546"]
[PlyCount "92"]
[EventDate "2009.10.24"]
[SourceDate "2009.10.24"]

1. e4 c5 2. c3 e6 3. d4 cxd4 4. cxd4 d5 5. e5 Nc6 6. Nf3 Bd7 7. a3 f6 8. b4
fxe5 9. dxe5 a6 10. Bb2 Be7 11. Bd3 Nh6 12. O-O Qc7 13. Re1 Nf7 14. Nbd2 O-O
15. Rc1 Qd8 16. Nb3 Rc8 17. Nbd4 Bg5 18. Nxg5 Qxg5 19. Nxc6 Rxc6 20. Rxc6 Bxc6
21. Bc1 Qe7 22. Qh5 g6 23. Qg4 Kg7 24. h4 Rg8 25. h5 Kf8 26. hxg6 hxg6 27. Bb2
Nh6 28. Qf4+ Nf7 29. Bd4 Ke8 30. Rc1 Kd8 31. Bxa6 g5 32. Qe3 Rh8 33. Bd3 g4 34.
Qg3 Qg5 35. Qe3 Qh4 36. Kf1 Ng5 37. Ke2 Rf8 38. Kd1 Qh1+ 39. Kc2 Qh4 40. Kb1
Nf7 41. Bb6+ Kd7 42. b5 Ra8 43. bxc6+ bxc6 44. Ka2 g3 45. Qxg3 Qb4 46. Bc5
Rxa3# 0-1

[Event "4NCL/Div3/AMCAR vs. WES2"]
[Site "Daventry ENG"]
[Date "2009.10.25"]
[Round "2.1"]
[White "Tart, Peter K"]
[Black "Pleasants, Allan J"]
[Result "1-0"]
[WhiteElo "2078"]
[BlackElo "2079"]
[PlyCount "55"]
[EventDate "2009.10.25"]
[SourceDate "2009.10.24"]

1. e4 c5 2. Nc3 Nc6 3. Bb5 e6 4. Bxc6 bxc6 5. d3 d6 6. f4 Be7 7. Nf3 Ba6 8. b3
Nf6 9. e5 Nd7 10. exd6 Bf6 11. Bd2 Qb8 12. Rb1 Qxd6 13. Ne4 Qe7 14. Nxf6+ Qxf6
15. O-O O-O 16. Qe1 Nb6 17. Ne5 Nd5 18. c4 Ne7 19. Be3 Rfd8 20. Bxc5 Ng6 21.
Qe4 Bb7 22. Rbd1 Nxe5 23. fxe5 Qg6 24. Qe2 Rd7 25. Rf3 Rad8 26. Rg3 Qh6 27. Be3
Qh4 28. Bxa7 1-0

[Event "4NCL/Div3/AMCAR vs. WES2"]
[Site "Daventry ENG"]
[Date "2009.10.25"]
[Round "2.2"]
[White "Tunks, Dominic"]
[Black "Sparkes, Daniel A"]
[Result "1-0"]
[WhiteElo "2076"]
[BlackElo "2066"]
[PlyCount "47"]
[EventDate "2009.10.25"]
[SourceDate "2009.10.24"]

1. d4 Nf6 2. c4 e6 3. Nc3 Bb4 4. Qc2 c5 5. Nf3 Nc6 6. dxc5 Qa5 7. Bd2 Qxc5 8.
e3 d5 9. a3 Bxc3 10. Bxc3 dxc4 11. Bxf6 gxf6 12. b4 Nxb4 13. axb4 Qxb4+ 14. Nd2
b5 15. Qe4 O-O 16. Bd3 f5 17. Qxa8 Rd8 18. O-O Qxd2 19. Rfd1 Qb4 20. Bf1 Rf8
21. Qxa7 e5 22. Rab1 Qc3 23. Rxb5 Be6 24. Qc7 1-0

[Event "4NCL/Div3/AMCAR vs. WES2"]
[Site "Daventry ENG"]
[Date "2009.10.25"]
[Round "2.3"]
[White "Stille, Alexander M"]
[Black "Marsh, Roger DW"]
[Result "0-1"]
[WhiteElo "2054"]
[BlackElo "2074"]
[PlyCount "122"]
[EventDate "2009.10.25"]
[SourceDate "2009.10.24"]

1. e4 c6 2. d4 d5 3. exd5 cxd5 4. c4 e6 5. Nc3 Nf6 6. Bg5 Be7 7. c5 Nc6 8. Nf3
O-O 9. Bb5 Bd7 10. O-O b6 11. Qa4 Rc8 12. b4 bxc5 13. bxc5 h6 14. Bf4 Nh5 15.
Be3 Qc7 16. Qd1 Nf6 17. Qd2 Ne4 18. Nxe4 dxe4 19. Bf4 Qd8 20. Ne1 Nxd4 21. Ba6
Bb5 22. Bxc8 Ne2+ 23. Kh1 Nxf4 24. Qxf4 Bxf1 25. Bb7 Bxc5 26. Bxe4 Qf6 27. Qxf6
gxf6 28. Nd3 Bxd3 29. Bxd3 Bxf2 30. Rf1 Bd4 31. Rf4 Rd8 32. g3 Kf8 33. Bc2 Ke7
34. Rh4 Be3 35. Re4 Bd2 36. Kg2 f5 37. Rc4 Kf6 38. Kf3 Rd6 39. Bb3 Ba5 40. g4
Rd3+ 41. Kg2 Rd2+ 42. Kg3 fxg4 43. Rf4+ Ke7 44. Rxg4 Bc7+ 45. Kf3 Rxh2 46. Rc4
Bd6 47. Ra4 h5 48. Rxa7+ Kf6 49. Ra5 h4 50. Rh5 Kg6 51. Rh8 Be5 52. Rg8+ Kh7
53. Rg4 Bg3 54. a4 Rf2+ 55. Ke3 f5 56. Rg5 f4+ 57. Kd4 Re2 58. Bc4 Bf2+ 59. Kc3
Re3+ 60. Bd3+ Kh6 61. Rg8 h3 0-1

[Event "4NCL/Div3/AMCAR vs. WES2"]
[Site "Daventry ENG"]
[Date "2009.10.25"]
[Round "2.4"]
[White "Clark, Ian C"]
[Black "McLaughlin, Noel S"]
[Result "1-0"]
[WhiteElo "2072"]
[BlackElo "2022"]
[PlyCount "87"]
[EventDate "2009.10.25"]
[SourceDate "2009.10.24"]

1. e4 c5 2. Nf3 Nc6 3. d4 cxd4 4. Nxd4 e5 5. Nb5 d6 6. N1c3 a6 7. Na3 b5 8. Nd5
Nf6 9. Bg5 Be7 10. Bxf6 Bxf6 11. c3 O-O 12. Be2 Bg5 13. O-O Rb8 14. Nc2 Be6 15.
Qd3 f5 16. Bf3 Ne7 17. Nxe7+ Qxe7 18. exf5 Bxf5 19. Be4 Bxe4 20. Qxe4 a5 21.
Rad1 Qe6 22. Qd5 Rf6 23. Qxe6+ Rxe6 24. Rd5 Rb6 25. Na3 b4 26. Nc4 Ra6 27. Rfd1
bxc3 28. bxc3 Rc6 29. Nxd6 Be7 30. Ne4 Rc4 31. f3 Ra4 32. R1d2 Kf7 33. Rb2 Ba3
34. Rbb5 Bc1 35. Rxa5 Ra6 36. Rxa6 Rxa6 37. Rxe5 Rxa2 38. Rd5 Rc2 39. Kf1 Ke6
40. Rd3 Ke5 41. Ng3 g6 42. Ne2 Ba3 43. Ke1 Bc5 44. Rd2 1-0

[Event "4NCL/Div3/AMCAR vs. WES2"]
[Site "Daventry ENG"]
[Date "2009.10.25"]
[Round "2.5"]
[White "Owens, Trefor H"]
[Black "Gregory, Keith DF"]
[Result "1/2-1/2"]
[WhiteElo "1946"]
[BlackElo "2056"]
[PlyCount "49"]
[EventDate "2009.10.25"]
[SourceDate "2009.10.24"]

1. e4 d6 2. d4 g6 3. Nc3 Bg7 4. Be3 a6 5. Qd2 b5 6. a3 Bb7 7. h3 Nd7 8. f4 Ngf6
9. e5 Nd5 10. Nxd5 Bxd5 11. Ne2 Nb6 12. Nc3 e6 13. Bd3 Qh4+ 14. Bf2 Qe7 15.
Nxd5 Nxd5 16. g4 f5 17. O-O-O O-O 18. gxf5 gxf5 19. Rhg1 Kh8 20. c4 bxc4 21.
Bxc4 Nb6 22. Ba2 d5 23. Qe1 Rf7 24. Bh4 Qd7 25. Rd3 1/2-1/2

[Event "4NCL/Div3/AMCAR vs. WES2"]
[Site "Daventry ENG"]
[Date "2009.10.25"]
[Round "2.6"]
[White "Taylor-Bowd, Philip J"]
[Black "Marley, Andrew"]
[Result "1-0"]
[WhiteElo "2043"]
[BlackElo "1930"]
[PlyCount "45"]
[EventDate "2009.10.25"]
[SourceDate "2009.10.24"]

1. e4 c5 2. Nc3 Nc6 3. Bb5 g6 4. Bxc6 dxc6 5. f4 Nf6 6. Nf3 Bg7 7. O-O O-O 8.
d3 Qc7 9. Qe1 b6 10. Qh4 Rd8 11. f5 gxf5 12. Bh6 Bxh6 13. Qxh6 Ng4 14. Qh5 Qd6
15. h3 Ne5 16. Nxe5 Qxe5 17. exf5 Qd4+ 18. Kh1 Qg7 19. Rae1 e6 20. f6 Qg6 21.
Qh4 Rd4 22. Ne4 Kh8 23. Re3 1-0